000
00211 a2200097 4500
001
47157
100
_a
Fullelr J
245
_a
The Reformation of War
260
_a
London
_b
Hutchinson
_c
090
_c
30213
_d
30213
942
_a
NUST-CAE
_c
M
_c
22463
999
_c
282230
_d
282230